MARC details
| 000 -CABECERA |
| campo de control de longitud fija |
01021nam a2200241 u 4500 |
| 005 - FECHA Y HORA DE LA ÚLTIMA TRANSACCIÓN |
| campo de control |
20251203064011.0 |
| 008 - ELEMENTOS DE LONGITUD FIJA--INFORMACIÓN GENERAL |
| campo de control de longitud fija |
180524s2003 r 000 0 eng d |
| 020 ## - NÚMERO INTERNACIONAL NORMALIZADO PARA LIBROS |
| Número Internacional Estándar del Libro |
9707021012 |
| 035 ## - NÚMERO DE CONTROL DEL SISTEMA |
| Número de control de sistema |
UPN01000224937 |
| 050 #4 - SIGNATURA TOPOGRÁFICA DE LA BIBLIOTECA DEL CONGRESO |
| Número de clasificación |
PQ8519 Q5 |
| Número de documento/Ítem |
C8.6 |
| 100 1# - ASIENTO PRINCIPAL--NOMBRE PERSONAL |
| Nombre de persona |
Barros, Jenny |
| 9 (RLIN) |
37728 |
| 245 10 - MENCIÓN DE TÍTULO |
| Título |
Cuentos de amor, de locura y de muerte : |
| Resto del título |
A la deriva : Horacio Quiroga / |
| Mención de responsabilidad, etc. |
análisis y propuesta didáctica Jenny Barrios. |
| 260 ## - PUBLICACIÓN, DISTRIBUCIÓN, ETC. |
| Lugar de publicación, distribución, etc. |
México : |
| Nombre del editor, distribuidor, etc. |
Banco Interameriano de Desarrollo : |
| -- |
UPN, |
| Fecha de publicación, distribución, etc. |
2003. |
| 300 ## - DESCRIPCIÓN FÍSICA |
| Extensión |
118 p. + |
| Material acompañante/anejo |
3 DVD : 4 3/4 plg. |
| 440 #0 - MENCIÓN DE SERIE/ASIENTO SECUNDARIO--TÍTULO |
| Título |
Programa interamericano de capacitación de maestros. |
| Nombre de parte o sección de la obra |
Serie literatura latinoamericana ; |
| Designación de volumen o secuencia |
módulo 8 |
| 500 ## - NOTA GENERAL |
| Nota general |
"Proyecto: tecnología y educación a distancia en América Latina y el Caribe" |
| 505 8# - NOTA DE CONTENIDO CON FORMATO PREESTABLECIDO |
| Nota de contenido con formato |
Contenido de los 3 DVD: clase modelo |
| 600 14 - ASIENTO SECUNDARIO DE MATERIA - NOMBRE PERSONAL |
| Nombre de persona |
QUIROGA, HORACIO, |
| Fechas asociadas al nombre |
1878-1937 - |
| Subdivisión general |
CRITICA E INTERPRETACION |
| 9 (RLIN) |
27147 |
| 650 #4 - ASIENTO SECUNDARIO DE MATERIA - TERMINO TEMATICO |
| Término de materia o nombre geográfico como elemento de entrada |
Literatura |
| Subdivisión general |
Estudio y enseñanza |
| 9 (RLIN) |
7638 |
| 650 #4 - ASIENTO SECUNDARIO DE MATERIA - TERMINO TEMATICO |
| Término de materia o nombre geográfico como elemento de entrada |
Intereses en la lectura |
| 9 (RLIN) |
4851 |
| 905 ## - TIPO DE MATERIAL |
| Tipo de material |
Libro |